Top 10 bodybuilders of all time - Statistics

General Stats
  • This quiz has been taken 62 times
  • The average score is 6 of 10
Answer Stats
Hint Answer % Correct
"Austrian Oak" aka the best bodybuilder ever Arnold Schwarzenegger
98%
8 time Mr. Olympia champion, the heaviest leg press ever Ronnie Coleman
96%
Beat Ronnie Coleman after 5 years Jay Cutler
80%
The biggest back Dorian Yates
63%
"The Gift" Phil Heath
54%
The Title "Mr. America" at 19, 8 time Mr. Olympia as well Lee Haney
46%
The shortest Mr Olympia winner, was Italian Franco Columbu
45%
Was Arnold's training partner Frank Zane
39%
Had varicose veins, had to amputate his leg Flex Wheeler
27%
2008 Mr Olympia Dexter Jackson
23%
No matching quizzes found
Score Distribution
Percent of People with Each Score
Percentile by Number Answered
Your Score History
You have not taken this quiz